Statistics for Black Clover Openings

Click here to take the quiz!

General Stats

  • This quiz has been taken 89 times
  • The average score is 7 of 13

Answer Stats

HintAnswer% Correct
10Black Catcher
87%
3Black Rover
87%
4Guess Who is Back
61%
13Grandeur
59%
1Haruka Mirai
58%
2PAiNT it BLACK
55%
11Stories
49%
7JUSTadICE
47%
12Everlasting Shine
46%
8Sky and Blue
46%
9RiGHT NOW
42%
5Gamushara
36%
6Rakugaki Peiji (Rakugaki Page)
25%

Score Distribution

Percentile by Number Answered

Percent of People with Each Score

Your Score History

You have not taken this quiz